Une voix vient de l'autre rive /

Main Author: Finkielkraut, Alain, 1949-
Language: French
Published: [Paris] : Gallimard, 2000
Series: NRF
Physical Description: 144 s. ; 19 cm
Book
Saved in:
LEADER 01321nam a2200385 a 4500
001 000548561
003 CZ BrMZK
005 20140707115921.0
007 ta
008 010907s2000 fr f fre d
020 |a 2-07-075888-5 
040 |a BOA001  |b cze 
043 |a ee-----  |a ec-----  |a a------  |a dd----- 
072 7 |a 330.5+338  |x Národní hospodářství a hospodářská politika  |2 Konspekt  |9 4 
080 |a 316.323.7:316.42  |2 MRF 
080 |a 338  |2 MRF 
080 |a (1-66)  |2 MRF 
080 |a (1-775)  |2 MRF 
080 |a (048.8)  |2 MRF 
100 1 |a Finkielkraut, Alain,  |d 1949-  |7 skuk0000389  |4 aut 
245 1 0 |a Une voix vient de l'autre rive /  |c Alain Finkielkraut 
260 |a [Paris] :  |b Gallimard,  |c 2000 
300 |a 144 s. ;  |c 19 cm 
490 1 |a NRF 
504 |a Obsahuje bibliografické odkazy 
541 |a Paris, Vivre Livres! 
650 0 7 |a postkomunismus  |7 ph124401  |2 czenas 
650 0 7 |a ekonomická transformace  |7 ph114426  |2 czenas 
655 7 |a studie  |7 fd133597  |2 czenas 
651 7 |a postkomunistické země  |7 ge137397  |x hospodářské poměry  |2 czenas 
651 7 |a vyspělé země  |7 ge131989  |x hospodářské poměry  |2 czenas 
830 0 |a NRF 
910 |a BOA001  |b 1-1089.821 
990 |a BK 
996 7 |b 2610141836  |c 1-1089.821  |l MZK  |r Sklad / do 1 hodiny  |n 4  |p p.v.  |w 000548561  |u 000010  |a 1  |e BOA001  |j MZK50  |s A